Diccionario de filosofía/ (Registro nro. 9718)

Detalles MARC
000 -LEADER
fixed length control field 00469nam a2200169Ia 4500
005 - FECHA Y HORA DE LA ÚLTIMA TRANSACCIÓN
control field 20231014115842.0
008 - FIXED-LENGTH DATA ELEMENTS--GENERAL INFORMATION
fixed length control field 231011s9999 xx 000 0 und d
040 ## - CATALOGING SOURCE
Original cataloging agency UPAN
Transcribing agency Biblioteca San Vicente
Description conventions RCAA2
041 ## - LANGUAGE CODE
Language code of text/sound track or separate title spa
082 ## - DEWEY DECIMAL CLASSIFICATION NUMBER
Classification number 103
Item number R813d
año de publicación s.n.
100 ## - MAIN ENTRY--PERSONAL NAME
Personal name Rosental, M.M
Relator code aut.
245 #0 - TITLE STATEMENT
Title Diccionario de filosofía/
Statement of responsibility, etc M.M. Rosental
260 ## - PUBLICATION, DISTRIBUTION, ETC. (IMPRINT)
Place of publication, distribution, etc s.l.:
Date of publication, distribution, etc 1971
300 ## - PHYSICAL DESCRIPTION
Extent 450 p.;
Dimensions 21 cm.
650 ## - SUBJECT ADDED ENTRY--TOPICAL TERM
Source of heading or term LEMB
Form subdivision Diccionario
General subdivision Filosofia
942 ## - ADDED ENTRY ELEMENTS (KOHA)
Koha item type Libros
Source of classification or shelving scheme Dewey Decimal Classification
Existencias
Withdrawn status Lost status Source of classification or shelving scheme Damaged status Not for loan Collection code Home library Current library Date acquired Total Checkouts Full call number Barcode Date last seen Copy number Price effective from Koha item type
    Dewey Decimal Classification     Referencia Biblioteca UPAN San Vicente Biblioteca UPAN San Vicente 11/10/2023   103 R813d 12001958 11/10/2023 01 11/10/2023 Referencia